Normal view
MARC view
- ABBOT, WALDO
Entry Personal Name
001 - CONTROL NUMBER
- control field: 79953
003 - CONTROL NUMBER IDENTIFIER
- control field: NUST
005 - DATE AND TIME OF LATEST TRANSACTION
- control field: 20210628210548.0
008 - FIXED-LENGTH DATA ELEMENTS
- fixed length control field: 210628|| aca||aabn | a|a d
040 ## - CATALOGING SOURCE
- Original cataloging agency: NUST
- Transcribing agency: NUST
100 ## - HEADING--PERSONAL NAME
- Personal name: ABBOT, WALDO
670 ## - SOURCE DATA FOUND
- Source citation: Work cat.: (NUST): ABBOT, WALDO, HANDBOOK OF BROADCASTING HOW TO BROADCAST EFFECTIVELY, 1941
